Design of prestressed concrete beams; (Record no. 546798)
[ view plain ]
| 000 -LEADER | |
|---|---|
| fixed length control field | 00527cam a22001571 4500 |
| 082 ## - DEWEY DECIMAL CLASSIFICATION NUMBER | |
| Classification number | 624.17723 |
| Author Mark | CON |
| -- | L-19, P-30. |
| 100 1# - MAIN ENTRY--PERSONAL NAME | |
| Personal name | Connolly, William H. |
| 9 (RLIN) | 42989 |
| 245 10 - TITLE STATEMENT | |
| Title | Design of prestressed concrete beams; |
| Remainder of title | with tables for the determination of beam cross sections. |
| 260 ## - PUBLICATION, DISTRIBUTION, ETC. | |
| Place of publication, distribution, etc. | New York, |
| Name of publisher, distributor, etc. | F.W. Dodge Corp. |
| Date of publication, distribution, etc. | [1960] |
| 300 ## - PHYSICAL DESCRIPTION | |
| Extent | xi,252 p. |
| Other physical details | illus. |
| Dimensions | 24 cm. |
| 526 ## - STUDY PROGRAM INFORMATION NOTE | |
| Program name | 0 |
| Interest level | 0 |
| Reading level | 0 |
| Title point value | 624_177230000000000_CON |
| 650 #0 - SUBJECT ADDED ENTRY--TOPICAL TERM | |
| Topical term or geographic name entry element | Girders. |
| 9 (RLIN) | 25190 |
| 650 #0 - SUBJECT ADDED ENTRY--TOPICAL TERM | |
| Topical term or geographic name entry element | MCE |
| 9 (RLIN) | 379 |
| 650 #0 - SUBJECT ADDED ENTRY--TOPICAL TERM | |
| Topical term or geographic name entry element | Prestressed concrete. |
| 9 (RLIN) | 23341 |
| 942 ## - ADDED ENTRY ELEMENTS (KOHA) | |
| Source of classification or shelving scheme | |
| Koha item type | Book |
| Withdrawn status | Lost status | Source of classification or shelving scheme | Damaged status | Not for loan | Permanent Location | Current Location | Date acquired | Total Checkouts | Full call number | Barcode | Date last seen | Price effective from | Koha item type |
|---|---|---|---|---|---|---|---|---|---|---|---|---|---|
| Military College of Engineering (MCE) | Military College of Engineering (MCE) | 06/19/2014 | 624.17723 CON | MCE-2296 | 06/19/2014 | 06/19/2014 | Book |
